000 00589nam a22002177a 4500
005 20220312115443.0
008 220312b ||||| |||| 00| 0 eng d
020 _a9789390790463
040 _cAL
041 _aEnglish
082 _223
_a363.7
_bCHAF
100 _aK T Chandy
_923492
245 _aFundamentals of Environment Management
260 _aKozhikode
_bPavanatma Publishers Pvt.Ltd
_c2021
300 _a628 p.
_bPB
_c21x14 cm.
365 _c
_d₹750.00
650 _aEcology
_923493
650 _aManagement
_923494
700 _aCHANDY (K T)
_923495
942 _2ddc
_cDB
999 _c221841
_d221841